|
|
|
|
| LEADER |
00000cam a22000002cc4500 |
| 001 |
1091145830 |
| 003 |
DE-627 |
| 005 |
20220514124254.0 |
| 007 |
tu |
| 008 |
900726s1817 xx ||||| 00| ||ger c |
| 035 |
|
|
|a (DE-627)1091145830
|
| 035 |
|
|
|a (DE-576)021145830
|
| 035 |
|
|
|a (DE-599)BSZ021145830
|
| 035 |
|
|
|a (OCoLC)311292151
|
| 035 |
|
|
|a (OCoLC)311292151
|
| 040 |
|
|
|a DE-627
|b ger
|c DE-627
|e rakwb
|
| 041 |
|
|
|a ger
|
| 084 |
|
|
|a 1
|2 ssgn
|
| 100 |
1 |
|
|0 (DE-588)118599372
|0 (DE-627)135633516
|0 (DE-576)164872116
|4 aut
|a Reinhard, Franz Volkmar
|d 1753-1812
|
| 109 |
|
|
|a Reinhard 1753-1812
|a Reinhard, F.V. 1753-1812
|a Reinhardt, F.V. 1753-1812
|a Reinhard, Franciscvs Volkmar 1753-1812
|a Reinhard, Franciscus Volkmarus 1753-1812
|a Reinhard, Fr. V. 1753-1812
|a Reinhard, Franciscus V. 1753-1812
|a Reinhard, Franciscus Volcmarus 1753-1812
|a Reinhard, Franciscus Volkmar 1753-1812
|a Reinhardus, Franciscus Theophilus 1753-1812
|a Reinhard, Franc. Volcm. 1753-1812
|a Reinhard, F. V. 1753-1812
|a Reinhard, Franz V. 1753-1812
|a Reinhard, Franz Volckmar 1753-1812
|a Reinhard, Franz Volkmar 1753-1812
|a Reinhard Mr. 1753-1812
|a Reinhardt, Franz Volkmar 1753-1812
|a Reinhardt, F. V. 1753-1812
|a Reinhardus, Franciscus Volkmarus 1753-1812
|a Reinhardus, Franc. Volcm. 1753-1812
|
| 245 |
1 |
0 |
|a D. Franz Volkmar Reinhard's sämtliche Predigten
|n 10
|p Oder Predigten, im Jahr 1796 bey dem Churfürstl. Sächsischen Evangel. Hofgottesdienste zu Dresden gehalten
|
| 264 |
|
1 |
|a Reutlingen
|b Fleischhauer und Kaufmann
|c 1817
|
| 300 |
|
|
|a X, 419 S.
|
| 336 |
|
|
|a Text
|b txt
|2 rdacontent
|
| 337 |
|
|
|a ohne Hilfsmittel zu benutzen
|b n
|2 rdamedia
|
| 338 |
|
|
|a Band
|b nc
|2 rdacarrier
|
| 500 |
|
|
|a In Fraktur
|
| 601 |
|
|
|a Predigt
|
| 601 |
|
|
|a Evangeliar
|
| 751 |
|
|
|a Reutlingen
|0 (DE-588)4049657-0
|0 (DE-627)106186221
|0 (DE-576)209082917
|4 pup
|
| 773 |
1 |
8 |
|a D. Franz Volkmar Reinhard's sämtliche Predigten
|w (DE-627)1091126038
|w (DE-576)021126038
|g 10
|q 10
|7 nnam
|
| 935 |
|
|
|a mteo
|
| 951 |
|
|
|a MV
|
| ELC |
|
|
|b 1
|
| ITA |
|
|
|a 1
|
| LOK |
|
|
|0 000 xxxxxcx a22 zn 4500
|
| LOK |
|
|
|0 001 2148351575
|
| LOK |
|
|
|0 003 DE-627
|
| LOK |
|
|
|0 004 1091145830
|
| LOK |
|
|
|0 005 20100408041906
|
| LOK |
|
|
|0 008 900726||||||||||||||||ger|||||||
|
| LOK |
|
|
|0 040
|a DE-21-31
|c DE-627
|d DE-21-31
|
| LOK |
|
|
|0 541
|e 63726
|
| LOK |
|
|
|0 852
|z Mit Bd. 9 zsgeb.
|
| LOK |
|
|
|0 852
|a DE-21-31
|
| LOK |
|
|
|0 852 1
|c Pb I 5030-10
|m p
|9 00
|
| LOK |
|
|
|0 852 2
|b Magazin
|9 00
|
| LOK |
|
|
|0 938
|k p
|
| LOK |
|
|
|0 939
|a 26-07-90
|b l01
|
| ORI |
|
|
|a SA-MARC-ixtheoa001.raw
|